Charakteristika a štruktúra analytických nástrojov pri riešení finančných rizík bakalárska práca

Uložené v:
Podrobná bibliografia
Hlavný autor: Lehotská, Jana
Korporativný autor: Národohospodárska fakulta EU. Katedra financií
Ďalší autori: Hocman, František, 1983-
Médium: Kniha
Jazyk:Slovak
Vydavateľské údaje: Bratislava 2018
Tagy: Pridať tag
Žiadne tagy, Buďte prvý, kto otaguje tento záznam!

MARC

LEADER 00000nbm a2200000 4500
001 0245922
005 20181213141839.7
041 0 |a slo 
044 |a SK 
245 1 0 |a Charakteristika a štruktúra analytických nástrojov pri riešení finančných rizík  |b bakalárska práca  |c Jana Lehotská ; školiteľ: František Hocman 
264 1 |a Bratislava  |c 2018 
300 |a 42 s. 
100 1 |a Lehotská, Jana 
700 1 |a Hocman, František, 1983- 
710 2 |a Národohospodárska fakulta EU. Katedra financií